Países visitados en "El Dorado World Tour" por Shakira - Estadísticas

Estadísticas generales
  • Esta prueba ha sido intentada 20 veces
  • La puntuación promedio es 19 de 21
Respuestas en el mapa
Las respuestas están codificadas por una escala verde-roja en el mapa de la prueba según el % correcto abajo.
 
Estadísticas de respuestas
País % Correcto
Alemania
100%
Argentina
100%
Bélgica
100%
Brasil
100%
Canadá
100%
Chile
100%
Colombia
100%
España
100%
Estados Unidos
100%
Francia
100%
Italia
100%
México
100%
Países Bajos
100%
Portugal
100%
Reino Unido
100%
Ecuador
94%
Suiza
94%
Turquía
89%
Republica Dominicana
83%
Líbano
33%
Luxemburgo
28%
No se encontraron pruebas coincidentes
Distribución de puntuación
Porcentaje de gente con cada puntuación
Porcentaje por número respondido
Historial de tus puntuaciones
No has intentado esta prueba.